000 00917nam0a22002891 4500
001 RU\INFOCOMM_318\NLR\5000075264
005 20250613102523.0
035 _a(NLR Aleph) 009445297
090 _a8370924
_c8370924
100 _a20121128d1967 |||y0rusy50 ca
101 0 _afre
102 _aRU
105 _ay z |||||
200 1 _aInstruction publique
210 _aM.
_cИзд-во Агентства печати "Новости"
_d[1967]
215 _a[64] с.
_cил.
_d16 см
225 1 _aUnion Soviétique
_e1958-1965-1970
300 _aВ вып. дан.: Образование в СССР
606 _aНародное образование
_yСССР
_91338451
_3RU\NLR\AUTH\66242696
620 _aМосква
686 _aПр7-60
_2rubbk
686 _aЧ34(2),0
_2rubbk
801 1 _aRU
_bNLR
_c20121128
801 0 _aRU
_bINFOCOMM
_gPSBO
852 _aNLR
_jПр11 Д-2/2
942 _cBOOK
980 _aNB